| 000 | 00567nma a22002057a 4500 | ||
|---|---|---|---|
| 005 | 20210325190613.0 | ||
| 006 | g q || | ||
| 008 | eng d | ||
| 041 | _aeng | ||
| 090 | _aOCD84 | ||
| 100 | 0 | _aVernon, Harry | |
| 245 | 1 | 0 | _aSmart talk 2 : work and social life [CD-ROM] |
| 260 | 3 |
_aBangkok : _bNST Electronic |
|
| 300 | _a1 discSoundColour | ||
| 650 | 0 | 4 | _aEnglish language -- Conversation and phrase books (for social workers) |
| 850 | _aNALT | ||
| 942 | _cCD | ||
| 997 |
_c000000000025928 _kVC |
||
| 998 | _aSANGAROON | ||
| 999 |
_c25928 _d25928 |
||